[Event "Titled Tuesday intern op 03rd Jan Early"]
[Site "Chess.com INT"]
[Date "2023.01.03"]
[Round "5"]
[White "Gutierrez Anaya, Yeison Joel"]
[Black "Batsiashvili, Nino"]
[Result "0-1"]
[WhiteElo "2125"]
[BlackElo "2493"]
[PlyCount "66"]
[EventDate "2023.01.03"]
[EventType "swiss (blitz)"]
[EventRounds "11"]
[EventCountry "USA"]
[SourceTitle "EXT 2024"]
[Source "ChessBase"]
[SourceDate "2023.10.10"]
[SourceVersion "1"]
[SourceVersionDate "2023.10.10"]
[SourceQuality "1"]

1. d4 Nf6 2. Nf3 c5 3. e3 d5 4. b3 cxd4 5. exd4 Bf5 6. Bb2 Nc6 7. Be2 e6 8. 0-0 Be7 9. Ne5 0-0 10. Nd2 Nb4 11. c4 dxc4 12. bxc4 Nc2 13. Bf3 Nxa1 14. Qxa1 Qc7 15. h3 Rad8 16. Rd1 Bd6 17. d5 exd5 18. cxd5 Rfe8 19. Ng4 Bxg4 20. hxg4 Be5 21. Nb3 Bxb2 22. Qxb2 Qe5 23. Qa3 Nxd5 24. Qxa7 Nc3 25. Rxd8 Rxd8 26. Qxb7 Ne2+ 27. Bxe2 Qxe2 28. Qc7 Re8 29. Qa7 Qxg4 30. Qa5 h5 31. Qd2 h4 32. f3 Qg3 33. Qf2 Re1+ 0-1

[Event "Titled Tuesday intern op 03rd Jan Early"]
[Site "Chess.com INT"]
[Date "2023.01.03"]
[Round "3"]
[White "Gutierrez Anaya, Yeison Joel"]
[Black "Chernov, Mikhail"]
[Result "1-0"]
[WhiteElo "2125"]
[BlackElo "2213"]
[PlyCount "93"]
[EventDate "2023.01.03"]
[EventType "swiss (blitz)"]
[EventRounds "11"]
[EventCountry "USA"]
[SourceTitle "EXT 2024"]
[Source "ChessBase"]
[SourceDate "2023.10.10"]
[SourceVersion "1"]
[SourceVersionDate "2023.10.10"]
[SourceQuality "1"]

1. d4 d5 2. Nf3 Nc6 3. b3 Bg4 4. Bb2 e6 5. Nbd2 Nf6 6. h3 Bh5 7. e3 Bb4 8. Be2 Ne4 9. a3 Bxf3 10. axb4 Bxg2 11. Rg1 Bxh3 12. Nxe4 dxe4 13. b5 Ne7 14. Rxg7 Ng6 15. d5 e5 16. Rxg6 hxg6 17. Bxe5 Rh7 18. Qd4 Qg5 19. Bxc7 Qg1+ 20. Kd2 Qxf2 21. Qxe4+ Kf8 22. d6 Re8 23. Qf3 Qh2 24. Rh1 Qe5 25. Rxh3 Rxh3 26. Qxh3 Kg7 27. d7 Qd5+ 28. Bd3 Rf8 29. d8Q Rxd8 30. Bxd8 Qxd8 31. Qf3 Qc7 32. Ke2 f5 33. e4 Qh2+ 34. Kd1 f4 35. e5 Qg1+ 36. Kd2 g5 37. Qxb7+ Kf8 38. Qc8+ Ke7 39. Qf5 Qg2+ 40. Kc3 f3 41. Qf6+ Kd7 42. e6+ Kc7 43. e7 Qh1 44. Qe5+ Kb6 45. e8Q f2 46. Qd8+ Kb7 47. Qec7# 1-0

[Event "Titled Tuesday intern op 03rd Jan Early"]
[Site "Chess.com INT"]
[Date "2023.01.03"]
[Round "8"]
[White "Rangel, Daniel"]
[Black "Gutierrez Anaya, Yeison Joel"]
[Result "0-1"]
[WhiteElo "2220"]
[BlackElo "2125"]
[PlyCount "98"]
[EventDate "2023.01.03"]
[EventType "swiss (blitz)"]
[EventRounds "11"]
[EventCountry "USA"]
[SourceTitle "EXT 2024"]
[Source "ChessBase"]
[SourceDate "2023.10.10"]
[SourceVersion "1"]
[SourceVersionDate "2023.10.10"]
[SourceQuality "1"]

1. d4 Nf6 2. c4 g6 3. Nc3 d5 4. Bf4 Bg7 5. e3 0-0 6. Rc1 c5 7. dxc5 Be6 8. Nf3 dxc4 9. Qxd8 Rxd8 10. Nd2 Na6 11. Bxc4 Bxc4 12. Nxc4 Nxc5 13. Ke2 Nd3 14. Rc2 Rac8 15. b3 Nxf4+ 16. exf4 a6 17. a4 Nd5 18. Nxd5 Rxd5 19. Rd1 Rd4 20. Rxd4 Bxd4 21. Rd2 Bf6 22. a5 Rc5 23. Kd3 Rb5 24. Kc2 g5 25. fxg5 Bxg5 26. Rd7 e6 27. Rxf7 Kxf7 28. Nd6+ Ke7 29. Nxb5 axb5 30. Kc3 Kd6 31. Kb4 Kc6 32. Kc3 Bf6+ 33. Kd3 Kc5 34. f4 Kb4 35. Kc2 Kxa5 36. g4 Kb4 37. g5 Be7 38. h4 Bd6 39. h5 Bxf4 40. g6 hxg6 41. hxg6 Bh6 42. Kd3 Kxb3 43. Ke4 Kc4 44. Ke5 Bg7+ 45. Kxe6 Bd4 46. Kf7 b4 47. Kg8 b3 48. Kf7 b2 49. g7 Bxg7 0-1

[Event "Titled Tuesday intern op 03rd Jan Early"]
[Site "Chess.com INT"]
[Date "2023.01.03"]
[Round "7"]
[White "Taboas Rodriguez, Daniel"]
[Black "Gutierrez Anaya, Yeison Joel"]
[Result "1/2-1/2"]
[WhiteElo "2368"]
[BlackElo "2125"]
[PlyCount "95"]
[EventDate "2023.01.03"]
[EventType "swiss (blitz)"]
[EventRounds "11"]
[EventCountry "USA"]
[SourceTitle "EXT 2024"]
[Source "ChessBase"]
[SourceDate "2023.10.10"]
[SourceVersion "1"]
[SourceVersionDate "2023.10.10"]
[SourceQuality "1"]

1. d4 Nf6 2. Nf3 b6 3. c4 Bb7 4. Nc3 e6 5. Bg5 d5 6. cxd5 exd5 7. e3 Be7 8. Bb5+ c6 9. Bd3 h6 10. Bh4 0-0 11. 0-0 Re8 12. Bxf6 Bxf6 13. b4 Nd7 14. Rb1 a5 15. a3 axb4 16. axb4 Qe7 17. Qb3 Qd6 18. Ra1 Reb8 19. Qb2 c5 20. Bf5 cxb4 21. Nb5 Qe7 22. Bxd7 Qxd7 23. Qxb4 Ba6 24. Rab1 Be7 25. Qb3 Rc8 26. Rfd1 Qf5 27. Rbc1 Rxc1 28. Rxc1 Rc8 29. Rxc8+ Qxc8 30. Nc3 Qc4 31. Qxc4 dxc4 32. Ne5 b5 33. Nc6 Bf8 34. Nd5 Bb7 35. Ncb4 Bxd5 36. Nxd5 b4 37. Kf1 c3 38. Ke2 c2 39. Kd2 b3 40. Nf4 Ba3 41. Ne2 Kf8 42. e4 Ke7 43. f4 Kd6 44. g4 Bb4+ 45. Kd3 Ba3 46. Kd2 Bb4+ 47. Kd3 Ba3 48. Kd2 1/2-1/2

[Event "VEN-chT Liga Superior qual"]
[Site "Caracas"]
[Date "2018.01.28"]
[Round "6.6"]
[White "Hernandez Jimenez, Alexander Andres"]
[Black "Gutierrez Anaya, Yeison Joel"]
[Result "0-1"]
[WhiteElo "2176"]
[BlackElo "2143"]
[PlyCount "118"]
[EventDate "2018.01.26"]
[EventType "team-swiss"]
[EventRounds "6"]
[EventCountry "VEN"]
[SourceTitle "EXT 2022"]
[Source "ChessBase"]
[SourceDate "2021.10.06"]
[SourceVersion "1"]
[SourceVersionDate "2021.10.06"]
[SourceQuality "1"]
[WhiteTeam "Zerdeja Finance"]
[BlackTeam "Caracas 64"]
[WhiteTeamCountry "VEN"]
[BlackTeamCountry "VEN"]

1. e4 c5 2. Nf3 Nc6 3. d4 cxd4 4. Nxd4 Nf6 5. Nc3 e5 6. Ndb5 d6 7. Bg5 a6 8. Na3 b5 9. Bxf6 gxf6 10. Nd5 f5 11. exf5 Bxf5 12. c3 Bg7 13. Nc2 0-0 14. Nce3 Bg6 15. h4 h6 16. a4 b4 17. h5 Bh7 18. Nxb4 Nxb4 19. cxb4 e4 20. Qb3 Kh8 21. 0-0-0 Qf6 22. Rd2 Rfc8+ 23. Kb1 Rc6 24. Bc4 Rac8 25. Bxf7 Rb6 26. Bc4 Rcb8 27. b5 axb5 28. axb5 d5 29. Rxd5 Bg8 30. Qc2 Rc8 31. Rhd1 Rbb8 32. Rf5 Rxc4 33. Rxf6 Rxc2 34. Rxh6+ Bxh6 35. Nxc2 Rxb5 36. Rd8 Bg7 37. b4 Rxh5 38. Kc1 Bc3 39. f3 exf3 40. gxf3 Kg7 41. Rd3 Rh1+ 42. Rd1 Rh2 43. Rd3 Be5 44. Ne3 Bf4 45. Kd1 Rb2 46. Nd5 Bd6 47. Kc1 Rf2 48. b5 Bh7 49. Rd2 Rf1+ 50. Kb2 Rb1+ 51. Kc3 Rxb5 52. Kd4 Ra5 53. Rb2 Ra4+ 54. Ke3 Bc5+ 55. Ke2 Ra3 56. Rb7+ Kh8 57. Rb2 Bd3+ 58. Kd2 Bf5 59. Rb5 Rd3+ 0-1

[Event "VEN-chT Liga Superior qual"]
[Site "Caracas"]
[Date "2018.01.27"]
[Round "4.6"]
[White "Gutierrez Anaya, Yeison Joel"]
[Black "Duran Reina, Luisa Elena"]
[Result "0-1"]
[WhiteElo "2143"]
[BlackElo "1917"]
[PlyCount "72"]
[EventDate "2018.01.26"]
[EventType "team-swiss"]
[EventRounds "6"]
[EventCountry "VEN"]
[SourceTitle "EXT 2022"]
[Source "ChessBase"]
[SourceDate "2021.10.06"]
[SourceVersion "1"]
[SourceVersionDate "2021.10.06"]
[SourceQuality "1"]
[WhiteTeam "Caracas 64"]
[BlackTeam "Chicas Super Poderosas"]
[WhiteTeamCountry "VEN"]
[BlackTeamCountry "VEN"]

1. c4 Nf6 2. Nc3 g6 3. d4 Bg7 4. e4 d6 5. f4 0-0 6. Nf3 c5 7. d5 e6 8. Be2 exd5 9. exd5 Na6 10. 0-0 Nc7 11. Bd3 b5 12. cxb5 Rb8 13. a4 Ncxd5 14. Nxd5 Nxd5 15. f5 Nf6 16. fxg6 hxg6 17. Bg5 Qb6 18. Bc4 Bb7 19. a5 Qc7 20. Kh1 Rbd8 21. Nh4 d5 22. Bxf6 dxc4 23. Qg4 Rd2 24. Bxg7 Kxg7 25. Qxc4 Rd4 26. Qc3 Rh8 27. b6 axb6 28. axb6 Qe5 29. Qg3 Qxg3 30. hxg3 g5 31. Ra5 gxh4 32. Rxc5 hxg3+ 33. Kg1 f6 34. Rc3 Rg4 35. Rd1 Kg6 36. Rc7 Rgh4 0-1

[Event "Caracas Hernandez Cup"]
[Site "Caracas"]
[Date "2014.10.09"]
[Round "3"]
[White "Gutierrez Anaya, Yeison Joel"]
[Black "Acosta Villarroel, Lorner Justus"]
[Result "1/2-1/2"]
[WhiteElo "2123"]
[BlackElo "2198"]
[PlyCount "84"]
[EventDate "2014.10.08"]
[EventType "swiss"]
[EventRounds "9"]
[EventCountry "VEN"]
[SourceTitle "EXT 2016"]
[Source "ChessBase"]
[SourceDate "2015.10.08"]
[SourceVersion "1"]
[SourceVersionDate "2015.10.08"]
[SourceQuality "1"]

1. d4 d5 2. e3 Nf6 3. Bd3 g6 4. Nf3 Bg7 5. c3 0-0 6. 0-0 Bg4 7. Nbd2 Nbd7 8. Qb3 Qc8 9. h3 Bxf3 10. Nxf3 c5 11. c4 Nb6 12. dxc5 Nxc4 13. Bxc4 dxc4 14. Qxc4 Nd7 15. Bd2 Qxc5 16. Rac1 Qxc4 17. Rxc4 Rac8 18. Rfc1 Nb6 19. Rxc8 Rxc8 20. Rxc8+ Nxc8 21. b3 Kf8 22. Kf1 Ke8 23. Ke2 h6 24. Kd3 Kd7 25. Bc3 Bxc3 26. Kxc3 Nd6 27. Ne5+ Ke6 28. Nd3 Kd5 29. f3 Nb5+ 30. Kb4 Nd6 31. Nf4+ Kc6 32. e4 e5 33. Nd3 f6 34. Nf2 h5 35. Nd3 b6 36. a4 a5+ 37. Kc3 b5 38. Nb2 Kc5 39. Nd3+ Kc6 40. Nb2 Kc5 41. Nd3+ Kc6 42. Nb2 Kc5 1/2-1/2

[Event "Pan American-ch U18"]
[Site "Oaxtepec"]
[Date "2014.07.12"]
[Round "3"]
[White "Gutierrez Anaya, Yeison Joel"]
[Black "Carrasco Jacome, Bryan Ricardo"]
[Result "1/2-1/2"]
[WhiteElo "2058"]
[BlackElo "1712"]
[PlyCount "48"]
[EventDate "2014.07.11"]
[EventType "swiss"]
[EventRounds "9"]
[EventCountry "MEX"]
[SourceTitle "EXT 2022"]
[Source "ChessBase"]
[SourceDate "2021.10.06"]
[SourceVersion "1"]
[SourceVersionDate "2021.10.06"]
[SourceQuality "1"]

1. d4 Nf6 2. c4 c5 3. d5 b5 4. cxb5 a6 5. Nc3 axb5 6. Nxb5 Ba6 7. Nc3 g6 8. e4 Bxf1 9. Kxf1 d6 10. Nf3 Bg7 11. h3 0-0 12. Kg1 Nbd7 13. Kh2 Qa5 14. Re1 Rfb8 15. Qc2 Ne8 16. Bg5 Rxb2 17. Qxb2 Bxc3 18. Qb7 Qa7 19. Qc6 f6 20. Bd2 Bxa1 21. Rxa1 Rb8 22. a4 Rb6 23. Qc8 Rb8 24. Qc6 Rb6 1/2-1/2

[Event "Central America-chT U16 4th"]
[Site "Armenia"]
[Date "2013.11.04"]
[Round "5"]
[White "Rivera Reyes, Alex S"]
[Black "Gutierrez Anaya, Yeison Joel"]
[Result "0-1"]
[WhiteElo "1850"]
[BlackElo "2063"]
[PlyCount "58"]
[EventDate "2013.11.04"]
[EventType "team"]
[EventRounds "7"]
[EventCountry "COL"]
[SourceTitle "EXT 2016"]
[Source "ChessBase"]
[SourceDate "2015.10.08"]
[SourceVersion "1"]
[SourceVersionDate "2015.10.08"]
[SourceQuality "1"]
[WhiteTeam "Nicaragua"]
[BlackTeam "Venezuela"]
[WhiteTeamCountry "NCA"]
[BlackTeamCountry "VEN"]

1. e4 Nf6 2. Bc4 Nxe4 3. Bxf7+ Kxf7 4. Qh5+ g6 5. Qd5+ e6 6. Qxe4 Bg7 7. c3 Rf8 8. Nf3 Kg8 9. d4 Nc6 10. 0-0 d5 11. Qd3 e5 12. dxe5 Nxe5 13. Nxe5 Bxe5 14. Be3 c6 15. Bd4 Bf5 16. Qe3 Bd6 17. Nd2 Qc7 18. h3 Rae8 19. Qh6 Bf4 20. Qh4 Bxd2 21. g4 Be4 22. Rad1 Bf4 23. f3 Bc2 24. Ra1 Bd3 25. Rfd1 Be2 26. Re1 Bg3 27. Qh6 Bh2+ 28. Kf2 Rxf3+ 29. Kg2 Qg3+ 0-1

[Event "Pan American-ch U16 24th"]
[Site "Pocos de Caldas"]
[Date "2013.07.29"]
[Round "5.5"]
[White "Lopez Gonzalez, Abel Fabian"]
[Black "Gutierrez Anaya, Yeison Joel"]
[Result "1-0"]
[WhiteElo "2216"]
[BlackElo "1999"]
[PlyCount "103"]
[EventDate "2013.07.25"]
[EventType "swiss"]
[EventRounds "9"]
[EventCountry "BRA"]
[SourceTitle "EXT 2016"]
[Source "ChessBase"]
[SourceDate "2015.10.08"]
[SourceVersion "1"]
[SourceVersionDate "2015.10.08"]
[SourceQuality "1"]

1. e4 Nf6 2. e5 Nd5 3. d4 d6 4. Nf3 Bg4 5. Be2 e6 6. h3 Bh5 7. c4 Nb6 8. exd6 cxd6 9. Nc3 Be7 10. d5 e5 11. g4 Bg6 12. h4 e4 13. Ng5 0-0 14. Ncxe4 Re8 15. h5 Bxe4 16. Nxe4 Bf6 17. Qd3 Na6 18. g5 Nb4 19. Nxf6+ Qxf6 20. gxf6 Nxd3+ 21. Kf1 Nxc1 22. Rxc1 gxf6 23. h6 Kh8 24. Rg1 Rg8 25. Rxg8+ Kxg8 26. f4 Rc8 27. Rc3 Kf8 28. Bd3 Ke7 29. Rc2 Rg8 30. Rg2 Rxg2 31. Kxg2 f5 32. Kf3 Kf6 33. Ke3 Nd7 34. b4 b6 35. Kd4 Kg6 36. Bc2 Kf6 37. Ba4 Nf8 38. c5 bxc5+ 39. bxc5 Ke7 40. c6 Kd8 41. Bc2 Kc7 42. Bxf5 Kb6 43. Ke4 Kc7 44. Kf3 Kd8 45. Kg4 f6 46. Kh5 a6 47. Bxh7 Nxh7 48. Kg6 Nf8+ 49. Kg7 Ke7 50. c7 Kd7 51. Kxf8 Kxc7 52. h7 1-0

[Event "Pan American-ch U16 24th"]
[Site "Pocos de Caldas"]
[Date "2013.07.27"]
[Round "3.1"]
[White "Ruiz Castillo, Joshua Daniel"]
[Black "Gutierrez Anaya, Yeison Joel"]
[Result "1-0"]
[WhiteElo "2407"]
[BlackElo "1999"]
[PlyCount "83"]
[EventDate "2013.07.25"]
[EventType "swiss"]
[EventRounds "9"]
[EventCountry "BRA"]
[SourceTitle "EXT 2016"]
[Source "ChessBase"]
[SourceDate "2015.10.08"]
[SourceVersion "1"]
[SourceVersionDate "2015.10.08"]
[SourceQuality "1"]

1. e4 Nf6 2. e5 Nd5 3. d4 d6 4. c4 Nb6 5. exd6 exd6 6. Nf3 Bg4 7. h3 Bh5 8. Nc3 Be7 9. Be2 0-0 10. 0-0 c5 11. b3 Bf6 12. Ne4 Nc6 13. Nxf6+ Qxf6 14. g4 cxd4 15. Nxd4 Bg6 16. Be3 Nxd4 17. Qxd4 Qh4 18. Kg2 Rad8 19. Bf3 Rd7 20. Rad1 Qd8 21. Bf4 f5 22. g5 Bf7 23. Rfe1 d5 24. c5 Nc8 25. h4 Qa5 26. Rd2 Rfd8 27. b4 Qa4 28. h5 Qa6 29. h6 Qg6 30. Rh1 gxh6 31. Rxh6 Qg7 32. b5 Qxd4 33. Rxd4 Bg6 34. c6 bxc6 35. bxc6 Re7 36. c7 Rdd7 37. Rxd5 Rxc7 38. Rd8+ Kg7 39. Bd5 Bf7 40. Bxf7 Rxf7 41. Be5+ Rf6 42. Bxf6+ 1-0